Normal view
MARC view
- MS-CSE-17
Entry Topical Term
001 - CONTROL NUMBER
- control field: 84071
003 - CONTROL NUMBER IDENTIFIER
- control field: NUST
005 - DATE AND TIME OF LATEST TRANSACTION
- control field: 20211113110856.0
008 - FIXED-LENGTH DATA ELEMENTS
- fixed length control field: 211113|| aca||aabn | a|a d
040 ## - CATALOGING SOURCE
- Original cataloging agency: NUST
- Transcribing agency: NUST
150 ## - HEADING--TOPICAL TERM
- Topical term or geographic name entry element: MS-CSE-17
670 ## - SOURCE DATA FOUND
- Source citation: Work cat.: (NUST): Nida Bari 84069, TH-SOF-1906-Efficient Contact Tracing for Pandemic Using Blockchain, 2021.
